Biografía de un cimarrón

Kaydedildi:
Detaylı Bibliyografya
Yazar: Barnet, Miguel (Yazar)
Materyal Türü: Kitap
Dil:İspanyolca
Baskı/Yayın Bilgisi: Barcelona Ariel 1968
Seri Bilgileri:Ariel Quincenal, 9
Konular:
Etiketler: Etiketle
Etiket eklenmemiş, İlk siz ekleyin!

MARC

LEADER 00000nam a2200000 a 4500
001 UCT6432
003 CL-VaPUC
008 970113e19680000SP |||||||||||||||||spa|d
082 0 4 |a Cu863  |b BAR  |2 21 
100 0 |a Barnet, Miguel  |e author  |9 376631 
245 1 0 |a Biografía de un cimarrón 
300 |a 200 p 
942 |c BK 
945 |d 19970113 00:00:00  |a rbrito 
260 |a Barcelona  |b Ariel  |c 1968 
650 0 |a Novelas cubanas  |9 268276 
583 |a last modification  |c 19970113 00:00:00  |k Rodrigo Vera 
490 0 |a Ariel Quincenal, 9 
999 |c 255139  |d 255137 
952 |0 0  |1 0  |4 0  |6 CU_863_000000000000000_BAR_1968  |7 0  |8 A  |9 277248  |a BIBEDU  |b BIBEDU  |d 2019-11-19  |i 3266710  |o Cu863 BAR 1968  |p 3266710  |r 2019-11-19  |w 2019-11-19  |y BK  |k LIT 
952 |0 0  |1 0  |4 0  |6 CU_863_000000000000000_BAR_1968  |7 0  |8 A  |9 277249  |a BIBHIS  |b BIBHIS  |d 2019-11-19  |i 1333674  |o Cu863 BAR 1968  |p 1333674  |r 2025-01-20  |w 2019-11-19  |y BK  |k HIS